Guess the Fusion Rock Song Lyrics #140 - Statistics

General Stats
  • This quiz has been taken 17 times
  • The average score is 64 of 107
Answer Stats
Answer % Correct
a
100%
and
100%
And
100%
I
94%
me
88%
the
88%
go
81%
is
81%
to
81%
you
81%
as
75%
if
75%
of
75%
Down
69%
ever
69%
have
69%
in
69%
Road
63%
There
63%
are
56%
Eagles
56%
from
56%
like
56%
Like
56%
should
56%
way
56%
baby
50%
Has
50%
here
50%
Now
50%
some
50%
loved
44%
part
44%
sky
44%
stars
44%
there's
44%
Bridges
38%
Seven
38%
turn
38%
child
31%
decide
31%
Sometimes
31%
South
31%
southern
31%
ward
31%
honey
25%
lonesome
25%
moonlight
25%
Running
25%
these
25%
trees
25%
moss
19%
sweetened
19%
tame
19%
taste
19%
warm
19%
wild
19%
thyme
13%
No matching quizzes found
Score Distribution
Percent of People with Each Score
Percentile by Number Answered
Your Score History
You have not taken this quiz